MARC details
| 000 -CABECERA |
| campo de control de longitud fija |
00966nam a2200253 a 4500 |
| 001 - NÚMERO DE CONTROL |
| campo de control |
000018745 |
| 005 - FECHA Y HORA DE LA ÚLTIMA TRANSACCIÓN |
| campo de control |
20200929165842.0 |
| 008 - DATOS DE LONGITUD FIJA--INFORMACIÓN GENERAL |
| campo de control de longitud fija |
100514s1973 sp 000 d spa d |
| 020 ## - NÚMERO INTERNACIONAL ESTÁNDAR DEL LIBRO |
| Número Internacional Estándar del Libro |
8472730425 |
| 040 ## - FUENTE DE LA CATALOGACIÓN |
| Centro catalogador/agencia de origen |
DO-SdBNP |
| Lengua de catalogación |
spa |
| Centro/agencia transcriptor |
BNPHU |
| 082 ## - NÚMERO DE LA CLASIFICACIÓN DECIMAL DEWEY |
| Número de clasificación |
842.42 |
| Número de documento/Ítem |
M721ó |
| 100 1# - ENTRADA PRINCIPAL--NOMBRE DE PERSONA |
| Nombre de persona |
MOLIÈRE, JEAN-BAPTISTE POQUELIN |
| Fechas asociadas al nombre |
1622-1673 |
| 9 (RLIN) |
40455 |
| 245 10 - MENCIÓN DE TÍTULO |
| Título |
Obras teatrales / |
| Mención de responsabilidad, etc. |
J. B. Poquelín Molière. La ideología de Molière / por Azorín ; traducción en introducciones Ignacio Gaos. |
| 260 ## - PUBLICACIÓN, DISTRIBUCIÓN, ETC. |
| Lugar de publicación, distribución, etc. |
Madrid : |
| Nombre del editor, distribuidor, etc. |
Ediciones Giner, |
| Fecha de publicación, distribución, etc. |
1973. |
| 300 ## - DESCRIPCIÓN FÍSICA |
| Extensión |
403 p. ; |
| Dimensiones |
22 cm. |
| 490 0# - MENCIÓN DE SERIE |
| Mención de serie |
Clásicos Giner |
| 504 ## - NOTA DE BIBLIOGRAFÍA, ETC. |
| Nota de bibliografía, etc. |
Incluye referencias bibliográficas y notas al pie de páginas. |
| 600 14 - PUNTO DE ACCESO ADICIONAL DE MATERIA--NOMBRE DE PERSONA |
| Nombre de persona |
MOLIÈRE, JEAN-BAPTISTE POQUELIN |
| Fechas asociadas al nombre |
1622-1673 |
| 9 (RLIN) |
40455 |
| 650 24 - PUNTO DE ACCESO ADICIONAL DE MATERIA--TÉRMINO DE MATERIA |
| Término de materia o nombre geográfico como elemento de entrada |
Teatro francés |
| 9 (RLIN) |
5359 |
| 650 24 - PUNTO DE ACCESO ADICIONAL DE MATERIA--TÉRMINO DE MATERIA |
| Término de materia o nombre geográfico como elemento de entrada |
Comedia francesa |
| 9 (RLIN) |
13396 |
| 650 24 - PUNTO DE ACCESO ADICIONAL DE MATERIA--TÉRMINO DE MATERIA |
| Término de materia o nombre geográfico como elemento de entrada |
Literatura francesa |
| 9 (RLIN) |
1074 |
| 700 1# - PUNTO DE ACCESO ADICIONAL--NOMBRE DE PERSONA |
| Nombre de persona |
Azorín, |
| Fechas asociadas al nombre |
1873-1967. |
| Título de la obra |
La ideología de Molière |
| 9 (RLIN) |
40456 |
| 700 1# - PUNTO DE ACCESO ADICIONAL--NOMBRE DE PERSONA |
| Nombre de persona |
Gaos, Ignacio, |
| Término indicativo de función/relación |
trad. |
| 9 (RLIN) |
40457 |